| 000 | 01183nam a22002777a 4500 | ||
|---|---|---|---|
| 005 | 20101206113148.0 | ||
| 008 | 101206t xxu||||| |||| 00| 0 hin d | ||
| 010 | _aHIN-93232 | ||
| 020 |
_c150.00 _a9789380050379 |
||
| 035 | _aHN-65578 | ||
| 037 | _bDBAD/PUB | ||
| 040 |
_aDPL _bHN |
||
| 082 | _a821 | ||
| 100 |
_924598 _aसम्बलपुरी, मधुमय |
||
| 245 |
_aजो है सो हैः _cमधुमय सम्बलपुरी _bसहजोक्ति में व्यंगात्मक मुक्तक / |
||
| 246 |
_ajo hai so hai _bby Madhumaya Sambalpuri |
||
| 260 |
_aगाजियाबाद _bअमित प्रकाशन _c2011 |
||
| 270 |
_bगाजियाबाद _aके.बी.97, कविनगर _e201002 |
||
| 300 |
_a120पृ. _c22सेमी (सजिल्द) |
||
| 650 |
_91169 _aहिन्दी कविता |
||
| 650 |
_929580 _aHindi Poetry |
||
| 700 | _924599 | ||
| 700 | _924924 | ||
| 942 |
_2ddc _cHN _mसम्बल _h821 |
||
| 999 |
_c53947 _d53947 |
||